Culture in the plural /

Contenido: 1. Exotismos y rupturas del lenguaje: Las revoluciones de lo creíble; Lo imaginario de la villa; La belleza de la muerte; El lenguaje de la violencia. 2. Nuevas marginalidades: Las universidades ante la cultura de masas; La cultura de la escuela; Minorías. 3. Políticas culturales: La Arqu...

Descrición completa

Gardado en:
Detalles Bibliográficos
Autor Principal: Certeau, Michel de (autor)
Outros autores: Giard, Luce (edición e introducción) (edición e introducción)
Formato: Libro
Idioma:inglés
Publicado: Minneápolis, EUA : University of Minnesota, 1998, c1998
Temas:
Etiquetas: Engadir etiqueta
Sen Etiquetas, Sexa o primeiro en etiquetar este rexistro!

MARC

LEADER 00000nam^a2200000^a^4500
001 000104194
005 20250521000000.0
009 20260310093414.452
020 |a 0-8166-2766-5 
037 |a Acervo ITESO - Biblioteca 
041 |a ING 
082 |a 306.  |b CER 
100 |a Certeau, Michel de  |e (autor) 
240 1 4 |a [La cultura en plural] 
245 1 0 |a Culture in the plural /  |c M. de Certeau ; ed. e introd. de L. Giard ; tr. por Tom Conley. 
264 4 |a Minneápolis, EUA :  |b University of Minnesota,  |c 1998, c1998 
300 |a 180 p. 
336 |a texto  |b txt  |2 rdacontenido 
337 |a sin mediación  |b n  |2 rdamedio 
338 |a volumen  |b nc  |2 rdasoporte 
520 |a Contenido: 1. Exotismos y rupturas del lenguaje: Las revoluciones de lo creíble; Lo imaginario de la villa; La belleza de la muerte; El lenguaje de la violencia. 2. Nuevas marginalidades: Las universidades ante la cultura de masas; La cultura de la escuela; Minorías. 3. Políticas culturales: La Arquitectura social del saber; La cultura dentro de la sociedad; Lazos y cultura; Espacios y prácticas. 
649 |a XX 
650 |a Diversidad Cultural 
650 |a Cultura de Masas 
650 |a Prácticas Culturales 
650 |a Lenguaje y Lenguas 
650 |a Política Cultural 
650 |a Educación 
650 |a Sociolingüística 
650 |a Sociología de la Cultura 
700 |a Giard, Luce  |e (edición e introducción) 
910 |a Fondo General 
920 |a Impresos - Libros 
930 |a Colección General 
905 |a 101 
901 |a 0500039257  |b IT1  |c ACC  |u 20250521 
901 |a 0500039255  |b IT1  |c ACC  |u 20250521 
902 |a https://opac.biblio.iteso.mx/vufind/Record/000104194